Top 50 Highest Buildings in the World - Statistics

General Stats
  • This quiz has been taken 12 times
  • The average score is 3 of 50
Answer Stats
Height Country Answer % Correct
828 Dubai Burj Khalifa
100%
541 New York City One World Trade Center
50%
508 Taipei Taipei 101
50%
632 Shanghai Shanghai Tower
38%
442 Chicago Willis Tower
25%
601 Mecca Abraj al Bait Clock Tower
13%
421 Shanghai Jin Mao Tower
13%
555 Seoul Lotte Tower
13%
679 Kuala Lumpur Merdeka 118
13%
599 Shenzhen Ping An International Finance Centre
13%
423 Chicago Trump International Hotel & Tower
13%
435 New York City 111 West 57th Street
0%
387 New York City 30 Hudson Yards
0%
392 Dubai 32 Marina
0%
426 New York City 432 Park Avenue
0%
413 Kuwait Al Hamra Tower
0%
472 New York City Central Park Tower
0%
452 Changsha Changsha IFS Tower T1
0%
393 Shenzhen China Merchants Bank Global Headquarters Main Tower
0%
393 Shenzhen China Resources Tower
0%
390 Guangzhou CITIC Plaza
0%
528 Beijing CITIC Tower
0%
388 Shenzhen Citymark Centre
0%
403 Nanning Guangxi China Resources Tower
0%
530 Guangzhou Guangzhou CTF Finance Centre
0%
439 Guangzhou Guangzhou International Finance Center
0%
401 Guiyang Guiyang International Financial Center T1
0%
394 Cairo Iconic Tower
0%
484 Hong Kong International Commerce Centre
0%
423 New York City JPMorgan Chase World Headquarters
0%
442 Shenzhen KK100
0%
462 Saint Petersburg Lakhta Center
0%
412 Busan LCT The Sharp Landmark Tower
0%
425 Dubai Marina Tower
0%
423 Dongguan Minying International Trade Center T2
0%
409 Ningbo Ningbo Center Tower 1
0%
427 New York City One Vandebilt Avenue
0%
452 Kuala Lumpur Petronas Twin Tower 1
0%
452 Kuala Lumpur Petronas Twin Tower 2
0%
413 Dubai Princess Tower
0%
492 Shanghai Shanghai World Financial Centre
0%
388 Shenzhen Shum Yip Upperhills Tower 1
0%
450 Suzhou Suzhou IFS
0%
445 Kuala Lumpur The Exchange 106
0%
530 Tianjin Tianjin CTF Finance Centre
0%
412 Hong Kong Two International Finance Centre
0%
461 Ho Chi Minh City Vincom Landmark 81
0%
476 Wuhan Wuhan Greenland Centre
0%
443 Wuhan Wuhan Tower
0%
450 Nanjing Zifeng Tower
0%
No matching quizzes found
Score Distribution
Percent of People with Each Score
Percentile by Number Answered
Your Score History
You have not taken this quiz